Bibliographic methods and reading behaviour (Record no. 11096)

MARC details
000 -LEADER
fixed length control field 00304nam a2200121Ia 4500
082 ## - DEWEY DECIMAL CLASSIFICATION NUMBER
Classification number RR 010.1 SAH-B
100 ## - MAIN ENTRY--AUTHOR NAME
Personal name Sahai, Shrinath
245 #0 - TITLE STATEMENT
Title Bibliographic methods and reading behaviour
260 ## - PUBLICATION, DISTRIBUTION, ETC. (IMPRINT)
Place of publication Delhi
Name of publisher Oriental Publishers
Year of publication 1976
300 ## - PHYSICAL DESCRIPTION
Number of Pages 200p.
504 ## - BIBLIOGRAPHY, ETC. NOTE
Bibliography, etc Includes index
942 ## - ADDED ENTRY ELEMENTS (KOHA)
Koha item type Books
Source of classification or shelving scheme Dewey Decimal Classification
Holdings
Withdrawn status Lost status Damaged status Not for loan Home library Current library Date acquired Full call number Accession Number Price effective from Koha item type
        NASSDOC Library NASSDOC Library 08/10/2004 RR 010.1 SAH-B 9208 18/04/2019 Books